| 000 | 01002nam a2200289 a 4500 | ||
|---|---|---|---|
| 001 | 53578 | ||
| 003 | BD-RjUL | ||
| 005 | 20211209080003.0 | ||
| 008 | 161018s1990 coua b 001 0 eng | ||
| 020 | _a0813377897 | ||
| 035 | _a(BD-RjUL) 53700 | ||
| 040 |
_aDLC _cDLC _dDLC _dBD-RjUL _beng |
||
| 041 | _aeng | ||
| 082 | 0 | 0 |
_a338.9 _223 _bBOB 1990 |
| 100 | 1 |
_aBoeri, Tito _9160131 |
|
| 245 | 1 | 0 |
_aBeyond the rule of thumb : _bmethods for evaluating public investment projects / _cTito Boeri. |
| 260 |
_aBoulder, Colo. : _bWestview Press, _cc1990. |
||
| 300 |
_axi, 162 p. : _bill. ; _c23 cm. |
||
| 500 | _aIncludes index. | ||
| 504 | _aIncludes Bibliography: p. [145]-158 and index | ||
| 650 | 0 |
_aEconomic development projects _xEvaluation. _9131107 |
|
| 650 | 0 |
_aEconomic development projects _xCost effectiveness. _9160132 |
|
| 650 | 0 |
_aPublic investments _xEvaluation. _9160133 |
|
| 650 | 0 |
_aPublic investments _xCost effectiveness. _9160134 |
|
| 650 | 0 |
_aShadow prices. _9160135 |
|
| 942 |
_2ddc _cBK |
||
| 999 |
_c53578 _d53578 |
||